000 00908nam a2200265Ia 4500
003 OSt
005 20221005103454.0
006 a|||||r|||| 00| 0
007 ta
008 221004b |||||||| |||| 00| 0 hin d
020 _a8187697997 (hbk)
024 _a27009
037 _bGift, 16/05/2016,
_cTextual
040 _aCRL
_cCRL
_bhin
041 _2hin
_ahin
082 _aO152,3N104:g, Q1
100 _aवर्मा, कल्याण प्रसाद
_9157686
245 0 _aभारती का सपूत
246 _aBhāratī kā sapūta
260 _aजयपुर
_bबोधि प्रकाशन भारत
_c2011
300 _a136पृ0
_ccm.
650 _aहिन्दी साहित्य
942 _hO152,3N104:g, Q1
_cTEXL
_2cc
999 _c1010122
_d1010122